000 00747nam a22001337a 4500
040 _cRUA
082 _aANS PHO 2015 B543 Or.1
100 _aPHOEUN SOPHORN; ភឿន សុភ័ន
245 _aThe study on the surviv Al of spermatozoa of Pig species DV within tow kinds of Solution in VBC center; ការសិក្សាពីការរស់រានមានជីវិតរបស់ស្ពែម៉ាតូសូអ៊ីតជ្រូកពូជ DV ក្នុងល្បាយរាវពីរល្បាយរាវពីរប្រភេទនៅមជ្ឈមណ្ឌល វី.ប៊ី.ស៊ី
260 _aPhnom Penh
_bRUA
_c2015
300 _ax;35p;
_bill;
_c29cm;
856 _uPHOEUN SOPHORN
942 _cANS
999 _c11002
_d11002